000
00260nam a2200109Ia 4500
008
190907s9999||||xx |||||||||||||| ||und||
100
_a
Dass,H.k
245
0
_a
Mathematics For Class x
260
_a
New Delhi
_b
Bantam Books Inc
_c
2004
300
_a
806
942
_c
BK
999
_c
6552
_d
6552